01167nam a2200193Ia 4500001001000000003001000010008004100020040002500061041001400086100003600100245006000136250001100196260009200207300001200299500026200311501011400573520026200687650002400949L230-6171IT-CnALBA170116s9999||||xx |||||||||||||| ||und|| aIT-CnALBAcIT-CnALBA aBILINGUE  aTOMMASO D'AQUINOgSANTO DOTTORE 0aLA SOMMA TEOLOGICA. VOL. II. VITA E OPERAZIONI DI DIO.  a1a ed. a FIRENZEbSALANI ADRIANO, CASA EDITRICE c1958 [1° Ed.:1958 - Ed.Ling.Originale: 1958] a362 p.  aTRADUZIONE DI ANTONINO BALDUCCI. INTRODUZIONE E NOTE DI MARCOLINO DAFFARA. ESISTENZA NATURA OPERAZIONI DI DIO. OPERAZIONI IMMANENTI. CONOSCENZA VOLERE POTENZA BEATITUDINE DI DIO. SCIENZA DI DIO. IDEE DI DIO E VERITÀ. VITA DI DIO. CONOSCENZA DELLA FALSITA' aSocietà San Paolo EM - Piazza San Paolo, 14 - 12051 ALBA (CN) (non commercial uses only) ® Copyright 2017 aTRADUZIONE DI ANTONINO BALDUCCI. INTRODUZIONE E NOTE DI MARCOLINO DAFFARA. ESISTENZA NATURA OPERAZIONI DI DIO. OPERAZIONI IMMANENTI. CONOSCENZA VOLERE POTENZA BEATITUDINE DI DIO. SCIENZA DI DIO. IDEE DI DIO E VERITÀ. VITA DI DIO. CONOSCENZA DELLA FALSITA' aDOGMATICA CRISTIANA